Statistics for Insects A-Z

Click here to take the quiz!

General Stats

  • This quiz has been taken 673 times
  • The average score is 14 of 25

Answer Stats

ClueInsect% Correct
AEnemy of picnicsAnt
96%
CInsect that people say will survive the nuclear apocalypseCockroach
88%
BType of bee that flies the highestBumblebee
87%
MInsect whose posture makes it look like it is prayingMantis
87%
HLargest type of waspsHornet
86%
FSpreader of the bubonic plagueFlea
85%
TWood-eating insect that is known for building mounds?Termite
79%
EIt's only a myth that this insect will crawl into your ear and lay eggsEarwig
76%
QType of bee that is capable of laying eggs{Queen} bee
76%
GWhen swarming, they are called locustsGrasshopper
72%
LAnimal that can live in human hairLouse
72%
DLarge, fast, insect that hunts mosquitosDragonfly
61%
NEgg of L that can be "picked" by apes or pedantic quiz takersNit
59%
ZType of black and white butterfly{Zebra} butterfly
52%
JGreen type of beetle{June} bug
47%
WBeetle that attacks crops such as cottonWeevil
44%
YCommon name for predatory wasps in North AmericaYellowjacket
44%
UType of large butterfly with namesake of a James Joyce novel{Ulysses} butterfly
41%
SType of brown bug named for what it does{Stink} bug
40%
KRelative of the crickets that can mimic a leafKatydid
31%
RAnother name for Dynastinae{Rhinoecros} beetle
25%
ILarva of any member of a large, widespread group of mothsInchworm
10%
OWhat farmers call the giant swallowtail{Orange} dog
8%
VType of moth is often mistaken for a bee or wasp because of its movements{Vine} borer
5%
PTheir name comes from their remarkable resemblance to leavesPlanthopper
3%

Score Distribution

Percentile by Number Answered

Percent of People with Each Score

Your Score History

You have not taken this quiz